000 00231nam a22000857a 4500
008 160712b xxu||||| |||| 00| 0 eng d
100 _92638
_a Madden, J., et al
245 _aOne size Doesn't Fit All
260 _aN.Y
_b Villard Book
_c1988
999 _c2292
_d2292